000 01143nab a22002537a 4500
999 _c5550
_d5550
003 OSt
005 20251215164249.0
008 190429b xxu||||| |||| 00| 0 spa d
040 _cPJ
100 _94642
_aVaninetti, Hugo A.
245 1 0 _aLey Olimpia N.º 27.736 sobre violencia digital. Su análisis :
_bnecesidad de un alcance más inclusivo a futuro /
_cHugo A. Vaninetti.
260 _cCiudad Autónoma de Buenos Aires :
_aThomson Reuters La Ley,
_b2025.
300 _ap. 195-203
500 _aCita: AR/DOC/2922/2023.
505 _aSumario: I. Introducción.— II. Ley Olimpia.— III. Medidas a implementar. Su análisis crítico.— IV. Medidas a futuro.— V. Palabras finales.
505 _tSi te interesa el texto completo, solicitalo a koha@justierradelfuego.gov.ar
650 0 _9343
_aDERECHO PENAL
650 0 _93053
_aVIOLENCIA DE GÉNERO
650 0 _96528
_aVIOLENCIA DIGITAL
650 0 _9281
_aINTERNET
650 0 _92
_aINFORMÁTICA
773 0 _02658
_93164
_tRevista de derecho penal y criminología. Nº 3 - Abril 2024
_dCiudad Autónoma de Buenos Aires : Thomson Reuters La Ley, 2017-
_x00347914
942 _2udc
_cANA